Normal view
MARC view
- القصة الشعبية - تاريخ ونقد - الأدب الشعبي العربي
Entry Topical Term
001 - CONTROL NUMBER
- control field: 20487
003 - CONTROL NUMBER IDENTIFIER
- control field: JO-AjAnu
005 - DATE AND TIME OF LATEST TRANSACTION
- control field: 20230606073549.0
008 - FIXED-LENGTH DATA ELEMENTS
- fixed length control field: 230606|| aca||aabn | a|a d
040 ## - CATALOGING SOURCE
- Original cataloging agency: JO-AjAnu
- Transcribing agency: JO-AjAnu
150 ## - HEADING--TOPICAL TERM
- Topical term or geographic name entry element: القصة الشعبية - تاريخ ونقد - الأدب الشعبي العربي
670 ## - SOURCE DATA FOUND
- Source citation: Work cat.: (JO-AjAnu)10519: تأليف الموسوي،محسن جاسم, author 20486, الوقوع في دائرة السحر: ألف ليلة وليلة في نظرية الأدب الإنجليزي